Phương pháp phát triển ngôn ngữ cho trẻ mẫu giáo

Na minha lista:
Detalhes bibliográficos
Autor principal: Nguyễn Xuân Khoa
Formato: Livro
Idioma:Undetermined
Publicado em: Hà Nội Đại học Quốc gia Hà Nội 1997
Assuntos:
Tags: Adicionar Tag
Sem tags, seja o primeiro a adicionar uma tag!
Thư viện lưu trữ: Trung tâm Học liệu Trường Đại học Cần Thơ
LEADER 00541nam a2200169Ia 4500
001 CTU_27606
008 210402s9999 xx 000 0 und d
082 |a 372.4 
082 |b Kh401 
100 |a Nguyễn Xuân Khoa 
245 0 |a Phương pháp phát triển ngôn ngữ cho trẻ mẫu giáo 
245 0 |c Nguyễn Xuân Khoa 
260 |a Hà Nội 
260 |b Đại học Quốc gia Hà Nội 
260 |c 1997 
650 |a reading ( elementary ) 
980 |a Trung tâm Học liệu Trường Đại học Cần Thơ